The Wiggles Quiz - Statistics

General Stats
  • This quiz has been taken 531 times
  • The average score is 8 of 15
Answer Stats
Hint Answer % Correct
The Blue Wiggle Anthony
95%
The Yellow Wiggle Greg/Sam
94%
The Purple Wiggle Jeff
92%
The Red Wiggle Murray
85%
The New Yellow Wiggle Emma
68%
What country do they live in? Australia
65%
The New Red Wiggle Simon
65%
What city the Wiggles live in? Sydney
55%
The New Purple Wiggle Lachlan
39%
What country is it most popular in? United States Of America
38%
How many television/movie awards have they won? 5
25%
What region they live in? New South Wales
25%
How many music awards have they won? 15
22%
What streaming service has the Wiggles? Hulu
10%
The new Wiggles name Ready, Steady, Wiggle!
8%
No matching quizzes found
Score Distribution
Percent of People with Each Score
Percentile by Number Answered
Your Score History
You have not taken this quiz